LIBRARY & INFORMATION CENTRE, KCAET, TAVANUR

ONLINE PUBLIC ACCESS CATALOGUE (OPAC)

Chemistry in engineering and technology vol-1 / (Record no. 10315)

MARC details
000 -LEADER
fixed length control field 00518cam a2200193ua 4500
041 ## - LANGUAGE CODE
Language code of text/sound track or separate title eng
082 ## - DEWEY DECIMAL CLASSIFICATION NUMBER
Classification number 540.2462
Item number KUR/CH
100 ## - MAIN ENTRY--AUTHOR NAME
Personal name Kuriacose, J C .
245 ## - TITLE STATEMENT
Title Chemistry in engineering and technology vol-1 /
260 ## - PUBLICATION, DISTRIBUTION, ETC. (IMPRINT)
Place of publication New Delhi :
Name of publisher Tata Mc-Graw Hill Publishing Company ,
Year of publication 1984.
300 ## - PHYSICAL DESCRIPTION
Number of Pages 672 ; .
700 1# - ADDED ENTRY--PERSONAL NAME
Personal name Rajaram, J .
942 ## - ADDED ENTRY ELEMENTS (KOHA)
Koha item type Books
Holdings
Withdrawn status Lost status Damaged status Home library Current library Date acquired Full call number Accession Number Koha item type
      KAUAET KAUAET 07/04/2012 540.2462 KUR/CH 16866 Books
      KAUAET KAUAET 07/04/2012 540.2462 KUR/CH 15908 Books
free website counter